000 01004cam a2200133 4500500
005 20260329051425.0
041 _afre
042 _adc
100 1 0 _aJacques, Francis
_eauthor
245 0 0 _aLa croyance, le savoir et la foi : Une refondation érotétique de la métaphysique
260 _bPresses Universitaires de France,
_c2005.
520 _aLes questions de l’être et de Dieu sont sans cesse reprises. E. Gilson parle très justement de «constantes» mais sans en problématiser la nature. On est passé d’un savoir de l’être à une réflexion sur la possibilité de ce savoir et pour finir sur l’être interrogeable comme tel. Quel usage faire du questionnement métaphysique ? Et si la «fonction méta» n’avait jamais eu l’érotétique qu’elle mérite ? (erôtèma: interrogation) ? C’est l’enjeu de ces leçons.
856 4 1 _uhttps://shs.cairn.info/la-croyance-le-savoir-et-la-foi--9782130538318?lang=fr&redirect-ssocas=7080
999 _c2001753
_d2001753